Statistics for Guess the Mandela Catalogue Characters by Picture #1

Click here to take the quiz!

General Stats

  • This quiz has been taken 4 times
  • The average score is 9 of 10

Answer Stats

Answer% Correct
Adam Murray
100%
Archangel Gabriel
100%
Cesar Torres
100%
Mark Heathcliff
100%
Ruth Weaver
100%
Sarah Heathcliff
100%
Thatcher Davis
100%
David Lee
67%
N
67%
Jonah Edmund Marshall
33%

Score Distribution

Percentile by Number Answered

Percent of People with Each Score

Your Score History

You have not taken this quiz